000 00805cam a22002537a 4500
001 14758648
005 20170104143229.0
008 070306s2007 maua 001 0 eng d
020 _a9781423927211 (pbk.)
020 _a1423927214 (pbk.)
040 _aILC
_cILC
_dBAKER
_dYDXCP
_dMUB
_dDLC
082 _221
_a005.72
_bSHE
100 _95623
_aShelly, Gary B.
245 0 0 _aHTML :
_bComplete concepts and techniques /
_cGary B. Shelly, Denise M. Woods.
250 _a5th ed.
260 _aBoston :
_bCourse Technology,
_cc2009.
300 _avarious p. :
_bcol. ill. ;
_c28 cm.
500 _aIncludes index.
650 0 _aHTML
_95624
650 0 _aWeb site development.
_95625
700 1 _aWoods, Denise M.
_95626
942 _2ddc
_cBB
999 _c11691
_d11691